Oeuvres Complètes

Uloženo v:
Podrobná bibliografie
Hlavní autoři: Lucrecio (autor), Virgilio Marón, Publio (Autor), Valerio Flaco, Cayo (Autor)
Médium: Kniha
Jazyk:latina
francouzština
Vydáno: París Chez Firmin Didot, et Cie 1880
Vydání:1a. ed
Edice:Collection des Auteurs Latins, 12
Témata:
Tagy: Přidat tag
Žádné tagy, Buďte první, kdo vytvoří štítek k tomuto záznamu!

MARC

LEADER 00000nam a2200000 a 4500
001 UCJ8508
003 CL-VaPUC
008 070124e18800000FR |||||||||||||||||lat|d
041 0 7 |a lat  |2 CL-VaPUC 
041 0 7 |a fre  |2 CL-VaPUC 
082 0 4 |a 870  |b LUC  |2 21 
100 |a Lucrecio  |e autor  |9 503039 
700 0 |a Virgilio Marón, Publio  |e author  |9 266333 
700 0 |a Valerio Flaco, Cayo  |e author  |9 517272 
245 1 0 |a Oeuvres Complètes 
250 |a 1a. ed 
300 |a 610 p 
942 |c BK 
945 |d 20070124 00:00:00  |a rinostro 
260 |a París  |b Chez Firmin Didot, et Cie  |c 1880 
500 |a Ex libris de Blanca Vergara Errázuriz, descendiente directa de los Vergara que fundaron Viña del Mar 
600 0 7 |a VERGARA ERRAZURIZ, BLANCA  |2 CL-VaPUC  |9 517273 
650 7 |a CLASICOS LATINOS  |2 CL-VaPUC  |9 505304 
650 7 |a BIOGRAFIA  |2 CL-VaPUC  |9 504622 
650 0 |a Poesía épica   |9 269163 
650 7 |a EX LIBRIS  |2 CL-VaPUC  |9 505186 
583 |a last modification  |c 20190801 09:45:57  |k Rodrigo Vera 
490 0 |a Collection des Auteurs Latins, 12 
999 |c 324193  |d 324191 
952 |0 0  |1 0  |4 0  |6 870_000000000000000_LUC_1880  |7 0  |8 X  |9 404160  |a FDOBUD  |b FDOBUD  |d 2019-11-22  |i 1079018  |o 870 LUC 1880  |p 1079018  |r 2019-11-22  |w 2019-11-22  |y BK_X  |k BUD